Synopsis of the genus Ladenbergia (<Rubiceae>) (Registro nro. 9997)

Detalles MARC
000 -CABECERA
Campo de control 004880000a22001690004500
090 ## - CLASIFICACIÓN LOCAL
Colección AR
Consecutivo 00909
041 0# - IDIOMA
Código de idioma para texto/pista de sonido o título separado
100 1# - ASIENTO PRINCIPAL--NOMBRE PERSONAL
Nombre personal Andersson, Lennart
245 10 - MENCION DE TITULO
Título Synopsis of the genus Ladenbergia (<Rubiceae>)
650 14 - ASIENTO SECUNDARIO DE MATERIA - TERMINO TEMATICO
Término temático o nombre geográfico como elemento de entrada Sistemática vegetal
650 14 - ASIENTO SECUNDARIO DE MATERIA - TERMINO TEMATICO
Término temático o nombre geográfico como elemento de entrada Botánica
650 14 - ASIENTO SECUNDARIO DE MATERIA - TERMINO TEMATICO
Término temático o nombre geográfico como elemento de entrada Filogénética
650 14 - ASIENTO SECUNDARIO DE MATERIA - TERMINO TEMATICO
Término temático o nombre geográfico como elemento de entrada Biogeografía
653 ## - TERMINO DE INDIZACION - NO CONTROLADO
-- Rubiaceae
-- Ladenbergia
773 1# - Item fuente:
Título Nordic Journal of Botany
Especificación de materiales 285
Descripción física 3
Paginas del Articulo 255-299
Lugar, editorial y fecha de publicación 1997
Información sobre la relación 17
942 ## - ELEMENTOS ADICIONALES (KOHA)
Tipo de ítem Artículo
Existencias
Withdrawn status Lost status Damaged status No para préstamo Colección Ubicación Permanente Ubicación actual Fecha de adquisición Fuente de Valor Datos de publicación Seriada Total Checkouts Número topográfico Inventario / Código de Barras Date last seen Ejemplar Price effective from Forma de adquisición Tipo de material
      No para Préstamo Hemeroteca Bogotá Bogotá 27/02/2015 Fernández, Fernando Fuera de circulación   AR 00909 011202 25/03/2015 1 25/03/2015   Artículo